Word Ladder: US Cereals Quiz Stats

 Plays Quiz Updated Mar 12, 2015

Challenge
Share
Tweet
Embed
Score 0/35 Timer 04:00
1 Play Today
Clue 4-Letter Word % Correct
Cereal: ___ KrispiesRICE
97.2%
There were 3 blind ones in a rhymeMICE
95.9%
Aid for walkingCANE
94.6%
Superman's outfit attachmentCAPE
94.3%
Superman's love LoisLANE
94%
Cereal: Raisin ___BRAN
93.7%
DifficultHARD
92.5%
Source of coalMINE
90.9%
Successfully look forFIND
89.9%
Cereal: Frosted ___-WheatsMINI
89.7%
Ernie's muppet palBERT
89.6%
Ace of diamonds, e.g.CARD
89%
An impudent childBRAT
87.7%
DefeatBEAT
86.8%
Two points determine itLINE
83.9%
Done, in FrenchFINI
83.9%
The rear partHIND
83.5%
Heavy twineCORD
83.2%
Clue 4-Letter Word % Correct
Cereal: ___ PopsCORN
82.9%
A clueHINT
82.4%
Cereal: ___ CrunchCAP'N
82.2%
Swiss capitalBERN
81.9%
Stumble and fallTRIP
77%
Swiss physics research facilityCERN
72.3%
Admiral Ackbar - 'It's A ___!'TRAP
69.5%
A male red deerHART
68.6%
Famed trumpeter AlHIRT
67%
Rubbish or junkCRAP
65.4%
Prefix for food with a boggy fruitCRAN
64.6%
Cereal: ___TRIX
62%
Cereal: ___LIFE
61.8%
AbundantRIFE
61%
Cereal: Wheat ___CHEX
45.6%
Capital of Basse-Normandie regionCAEN
42.8%
Asian cuisine brand: Joyce ___CHEN
41.3%

Today's Daily Dose

You're not logged in!

Compare scores with friends on all Sporcle quizzes.
Join for Free
OR
Log In

You Might Also Like...

Show Comments

Extras

Top Quizzes Today


Score Distribution

Your Account Isn't Verified!

In order to create a playlist on Sporcle, you need to verify the email address you used during registration. Go to your Sporcle Settings to finish the process.

Report this User

Report this user for behavior that violates our Community Guidelines.

Details: